| 000 | 00000nam##2200000za#4500 |
| 001 | 9.581581 |
| 003 | CaOODSP |
| 005 | 20210624191602 |
| 007 | cr ||||||||||| |
| 008 | 150406|2015||||xxc|||||o f|0| 0 eng|d |
| 022 | |a1701-1280 |
| 040 | |aCaOODSP|beng |
| 043 | |an-cn--- |
| 086 | 1 |aFs70-4/2015-002E-PDF |
| 110 | 1 |aCanada. |bDepartment of Fisheries and Oceans. |
| 245 | 10|aProceedings of the national peer review workshop on identifying research requirements for the biological effects of oil and gas-related contaminants on aquatic ecosystems : |h[electronic resource]|bMarch 26-27, 2014, Ottawa, Ontario / |cChairperson: Gilles Olivier; editor: Bradley Park. |
| 260 | |aSt. John's - Newfoundland and Labrador : |bFisheries and Oceans Canada |cFebruary 2015. |
| 300 | |a18p.|btables |
| 490 | 1 |aCanadian Science Advisory Secretariat proceedings series|x1701-1280|v2015/002, National Capital Region |
| 590 | |a15-12|b2015-03-20 |
| 775 | 08|tCompte rendu de l'examen national par les pairs visant à déterminer les besoins en matière de recherche dans le domaine des effets biologiques des contaminants issus de l'industrie pétrolière et gazière sur les écosystèmes aquatiques : |w(CaOODSP)9.608355 |
| 830 | #0|aProceedings series (Canadian Science Advisory Secretariat)|x1701-1280|v2015/002, National Capital Region|w(CaOODSP)9.506483 |
| 856 | 40|ahttp://publications.gc.ca|qPDF|s174 KB|uhttps://publications.gc.ca/collections/collection_2015/mpo-dfo/Fs70-4-2015-002-eng.pdf|y2015/002, National Capital Region |